| 000 | 01070cas a2200361 4500 | ||
|---|---|---|---|
| 001 | data | ||
| 005 | 20260322212109.0 | ||
| 008 | data | ||
| 035 | _a11213858 | ||
| 906 |
_a7 _bcbc _cserials _d4 _encip _f19 _gn-oclcserc |
||
| 010 | _a 77649214 | ||
| 035 | _a(OCoLC)2962428 | ||
| 037 | _bHögbergsgatan 67, 116 20 | ||
| 040 |
_aDLC _beng _cDLC _dOCLCQ _dHLS _dOCLCO _dOCLCQ _dOCLCF _dOCLCQ |
||
| 042 | _apcc | ||
| 050 | 0 | 0 |
_aBR50 _b.K36 |
| 245 | 0 | 0 | _aKatolsk årsskrift. |
| 260 |
_aStockholm [Sweden] _bKatolska teologföreningen. |
||
| 300 |
_avolumes _c21 cm |
||
| 336 |
_atext _btxt _2rdacontent |
||
| 337 |
_aunmediated _bn _2rdamedia |
||
| 338 |
_avolume _bnc _2rdacarrier |
||
| 362 | 0 | _a-90. | |
| 590 | _aSERBIB/SERLOC merged record | ||
| 650 | 0 | _aTheology. | |
| 650 | 7 |
_aTheology. _2fast _0(OCoLC)fst01149559 |
|
| 710 | 2 | _aKatolska teologföreningen. | |
| 890 |
_aKatolsk årsskrift. (Katolska teologföreningen) Stockholm [Sweden] _i77-649214 |
||
| 920 | _aKeep 1 | ||
| 991 |
_bc-GenColl _hBR50 _i.K36 _wSERIALS |
||
| 992 |
_bB/L _wSERLOC |
||
| 999 |
_c1626 _d1626 |
||